| 000 | 00653nam a2200193Ia 4500 | ||
|---|---|---|---|
| 001 | 5692 | ||
| 003 | GE_BSU | ||
| 008 | 181216s||||||||xx |||||||||||||| ||und|| | ||
| 040 | _cGE_BSU | ||
| 080 | _a517(о75.8) | ||
| 100 | _aМихайленко, В.М. Антонюк Р. А | ||
| 245 | _aСборник прикладных задач по высшей математике Учеб. пособие для студ.инж.-строит. спец. вузов | ||
| 245 | _cРед. Л. П.Онищенко | ||
| 260 | _aКиев | ||
| 260 | _c1990 | ||
| 300 | _a165стр. ил. 20 см. | ||
| 653 | _aВысшая математика | ||
| 942 | _cBK | ||
| 999 |
_c39112 _d39112 |
||